Population of US States and Territories - Statistics

General Stats
  • This quiz has been taken 30 times
  • The average score is 34 of 56
Answer Stats
POPULATION Answers % Correct
38 965 193 California
100%
30 503 301 Texas
100%
22 610 726 Florida
95%
19 571 216 New York
95%
12 961 683 Pennsylvania
90%
12 549 689 Illinois
86%
11 029 227 Georgia
81%
11 785 935 Ohio
81%
10 037 261 Michigan
76%
10 835 491 North Carolina
76%
7 431 344 Arizona
71%
7 812 880 Washington
71%
153 836 Guam
67%
9 290 841 New Jersey
67%
733 406 Alaska
62%
6 862 199 Indiana
62%
47 329 Northern Mariana Islands
62%
87 146 US Virgin Islands
62%
647 464 Vermont
62%
8 715 698 Virginia
62%
584 057 Wyoming
62%
49 710 American Samoa
57%
1 435 138 Hawaii
57%
6 196 156 Missouri
57%
1 132 812 Montana
57%
4 053 824 Oklahoma
57%
7 126 489 Tennessee
57%
3 617 176 Connecticut
52%
4 526 154 Kentucky
52%
1 395 722 Maine
52%
6 180 253 Maryland
52%
7 001 399 Massachusetts
52%
2 939 690 Mississippi
52%
1 402 054 New Hampshire
52%
2 114 371 New Mexico
52%
783 926 North Dakota
52%
4 233 358 Oregon
52%
3 205 691 Puerto Rico
52%
919 318 South Dakota
52%
3 417 734 Utah
52%
5 108 468 Alabama
48%
3 067 732 Arkansas
48%
5 877 610 Colorado
48%
1 964 726 Idaho
48%
3 207 004 Iowa
48%
2 940 546 Kansas
48%
4 573 749 Louisiana
48%
5 737 915 Minnesota
48%
1 978 379 Nebraska
48%
3 194 176 Nevada
48%
1 095 962 Rhode Island
48%
5 373 555 South Carolina
48%
1 770 071 West Virginia
48%
5 910 955 Wisconsin
48%
1 031 890 Delaware
43%
678 972 District of Columbia
33%
No matching quizzes found
Score Distribution
Percent of People with Each Score
Percentile by Number Answered
Your Score History
You have not taken this quiz